| 000 | 01347nam a2200265 a 4500 | ||
|---|---|---|---|
| 001 | 000026959 | ||
| 003 | OSt | ||
| 005 | 20250411115603.0 | ||
| 008 | 110328t1987 dr a 001 0dspa d | ||
| 040 |
_aDO-SdBNP _bspa _cBNPHU |
||
| 082 |
_a972.93053 _bV422tr, 1990 |
||
| 100 | 1 |
_aVega, Bernardo, _d1938 - _93222 |
|
| 245 | 1 | 4 |
_aLos Trujillo se escriben / _cBernardo Vega. |
| 250 | _a2a. ed. | ||
| 260 |
_aSanto Domingo : _bFundación Cultural Dominicana, _c1990. |
||
| 300 |
_a202 p. : _bil. _c28 cm. |
||
| 500 | _aIncluye índice onomástico. | ||
| 500 | _aIncluye datos biográficos del autor en la contracubierta. | ||
| 505 | 0 |
_gIntroducción -- _tCorrespondencia entre Trujillo y sus familiares -- _tCorrespondencia entre Ramfis y sus médicos y psiquiatras -- _tCorrespondencia relativa a los parientes extrajeros de la familia Trujillo -- _tFamilia Chevalier en Haití -- _tFamilia Trujillo en Cuba -- _tCorrespondencia entre Rafael L. Trujillo y su familia política. Los dictadores latinoamericanos -- _tFuentes de los documentos -- _gÍndice onomástico. |
|
| 590 | _aInventariado, 2020/ YL | ||
| 600 | 0 |
_aTrujillo Molina, Rafael Leónidas, _d1891-1961 _xFamilia _954049 |
|
| 600 | 1 | 0 |
_aTrujillo Molina, Rafael Leónidas, _d1891-1961 _vCorrespondencias, memorias, etc. _954950 |
| 910 | _aValidado. Control de calidad MFF | ||
| 942 |
_2ddc _cLF1 |
||
| 999 |
_c48834 _d48834 |
||